Radiation protection : a systematic approach to safety : proceedings of the 5th Congress of the International Radiation Protection Society, Jerusalem, March 1980.

Bibliographic Details
Corporate Author: International Radiation Protection Association
Format: Book
Language:English
French
Published: Oxford ; New York : Pergamon Press, 1980.
Edition:1st ed.
Subjects:

MARC

Tag First Indicator Second Indicator Subfields
LEADER 00000cam a2200000 a 4500
001 in00000070680
005 20151008061846.0
008 811118s1980 enka b 10010 eng
010 |a  80049879  
015 |a GB*** 
020 |a 008025912X (set) 
035 |a (OCoLC)07997839 
035 |9 AAJ8993AM 
039 0 |a 2  |b 3  |c 3  |d 3  |e 3 
040 |a DLC  |c DLC  |d TXA  |d UtOrBLW 
041 0 |a eng  |a fre 
049 |a TXAM  |v 1 [1195838]  |v 2 [1195839] 
050 0 0 |a RA569  |b .I48 1980 
082 0 |a 363.1/79  |2 19 
110 2 |a International Radiation Protection Association. 
245 1 0 |a Radiation protection :  |b a systematic approach to safety : proceedings of the 5th Congress of the International Radiation Protection Society, Jerusalem, March 1980. 
250 |a 1st ed. 
264 1 |a Oxford ;  |a New York :  |b Pergamon Press,  |c 1980. 
300 |a 2 volumes (xliii, 1234 pages) :  |b illustrations ;  |c 26 cm. 
336 |a text  |b txt  |2 rdacontent 
337 |a unmediated  |b n  |2 rdamedia 
338 |a volume  |b nc  |2 rdacarrier 
500 |a English or French. 
504 |a Includes bibliographical references. 
650 0 |a Radiation  |x Safety measures  |v Congresses. 
999 |a MARS 
999 f f |s 9a71de2d-a102-32ab-a8a3-8029bdc393f3  |i 60f23c10-2884-30d4-ac6b-e0c7ba463206  |t 0 
952 f f |p ric  |a Texas A&M University  |b Rellis Campus  |c Joint Library Facility  |d Remote Storage  |t 0  |e RA569 .I48 1980  |h Library of Congress classification  |i unmediated -- volume  |k v.1  |m A14806227788 
952 f f |p ric  |a Texas A&M University  |b Rellis Campus  |c Joint Library Facility  |d Remote Storage  |t 0  |e RA569 .I48 1980  |h Library of Congress classification  |i unmediated -- volume  |k v.2  |m A14806227796 
998 f f |a RA569 .I48 1980  |s v.1-v.2  |t 0  |l Remote Storage